Educación física: programa de estudio segundo año medio

محفوظ في:
التفاصيل البيبلوغرافية
التنسيق: كتاب
اللغة:الإسبانية
منشور في: Santiago Ministerio de Educación 1999
الموضوعات:
الوسوم: إضافة وسم
لا توجد وسوم, كن أول من يضع وسما على هذه التسجيلة!

MARC

LEADER 00000nam a2200000 a 4500
001 UCP9494
003 CL-VaPUC
008 000331e19990000CL |||||||||||||||||spa|d
082 0 4 |a 372.86  |b MIN  |2 21 
245 1 0 |a Educación física: programa de estudio segundo año medio 
300 |a 91 p 
942 |c BK 
945 |d 20000331 00:00:00  |a rbrito 
260 |a Santiago  |b Ministerio de Educación  |c 1999 
650 7 |a ENSEÑANZA DE LA EDUCACION FISICA  |2 CL-VaPUC  |9 394746 
650 0 |a Métodos de enseñanza  |9 270413 
583 |a last modification  |c 20140401 06:00:08  |k Rodrigo Vera 
999 |c 286306  |d 286304 
952 |0 0  |1 0  |4 0  |6 372_860000000000000_MIN_1999  |7 0  |8 R  |9 331873  |a BIBEDU  |b BIBEDU  |d 2019-11-20  |i 3592472  |o 372.86 MIN 1999  |p 3592472  |r 2019-11-20  |w 2019-11-20  |y BK_R  |k BME 
952 |0 0  |1 0  |4 0  |6 372_860000000000000_MIN_1999  |7 0  |8 R  |9 331874  |a BIBEDU  |b BIBEDU  |d 2019-11-20  |i 3597385  |o 372.86 MIN 1999  |p 3597385  |r 2019-11-20  |w 2019-11-20  |y BK_R  |k BME 
952 |0 0  |1 0  |4 0  |6 372_860000000000000_MIN_1999  |7 0  |8 R  |9 331875  |a BIBEDU  |b BIBEDU  |d 2019-11-20  |i 3607372  |o 372.86 MIN 1999  |p 3607372  |r 2019-11-20  |w 2019-11-20  |y BK_R  |k BME 
952 |0 0  |1 0  |4 0  |6 372_860000000000000_MIN_1999  |7 0  |8 R  |9 331876  |a BIBEDU  |b BIBEDU  |d 2019-11-20  |i 3654664  |o 372.86 MIN 1999  |p 3654664  |r 2019-11-20  |w 2019-11-20  |y BK_R  |k BME 
952 |0 0  |1 0  |4 0  |6 372_860000000000000_MIN_1999  |7 0  |8 R  |9 331877  |a BIBEDU  |b BIBEDU  |d 2019-11-20  |i 3654672  |o 372.86 MIN 1999  |p 3654672  |r 2019-11-20  |w 2019-11-20  |y BK_R  |k BME 
952 |0 0  |1 0  |4 0  |6 372_860000000000000_MIN_1999  |7 0  |8 R  |9 331878  |a BIBEDU  |b BIBEDU  |d 2019-11-20  |i 3654680  |o 372.86 MIN 1999  |p 3654680  |r 2019-11-20  |w 2019-11-20  |y BK_R  |k BME 
952 |0 0  |1 0  |4 0  |6 372_860000000000000_MIN_1999  |7 0  |8 R  |9 331879  |a BIBEDU  |b BIBEDU  |d 2019-11-20  |i 3654699  |o 372.86 MIN 1999  |p 3654699  |r 2019-11-20  |w 2019-11-20  |y BK_R  |k BME 
952 |0 0  |1 0  |4 0  |6 372_860000000000000_MIN_1999  |7 0  |8 R  |9 331880  |a BIBEDU  |b BIBEDU  |d 2019-11-20  |i 3654702  |o 372.86 MIN 1999  |p 3654702  |r 2019-11-20  |w 2019-11-20  |y BK_R  |k BME 
952 |0 0  |1 0  |4 0  |6 372_860000000000000_MIN_1999  |7 0  |8 R  |9 331881  |a BIBEDU  |b BIBEDU  |d 2019-11-20  |i 3656322  |o 372.86 MIN 1999  |p 3656322  |r 2019-11-20  |w 2019-11-20  |y BK_R  |k BME 
952 |0 0  |1 0  |4 0  |6 372_860000000000000_MIN_1999  |7 0  |8 R  |9 331882  |a BIBEDU  |b BIBEDU  |d 2019-11-20  |i 3987256  |o 372.86 MIN 1999  |p 3987256  |r 2019-11-20  |w 2019-11-20  |y BK_R  |k EDU